Applications in recreation & leisure : (Record no. 5261)

MARC details
000 -LEADER
fixed length control field 01071cam a22002892 4500
001 - CONTROL NUMBER
control field 0000001439
005 - DATE AND TIME OF LATEST TRANSACTION
control field 20151217151817.0
008 - FIXED-LENGTH DATA ELEMENTS--GENERAL INFORMATION
fixed length control field 070312s xx 000 0 eng d
020 ## - INTERNATIONAL STANDARD BOOK NUMBER
International Standard Book Number 0070921326 :
Terms of availability KES 200 [donation]
040 ## - CATALOGING SOURCE
Original cataloging agency KABU
Transcribing agency KABU
050 #0 - LIBRARY OF CONGRESS CALL NUMBER
Classification number GV14.45
Item number .C67 1999
100 1# - MAIN ENTRY--PERSONAL NAME
Personal name Cordes, Kathleen A.
-- 0000150191
245 10 - TITLE STATEMENT
Title Applications in recreation & leisure :
Remainder of title for today and the future /
Statement of responsibility, etc. Kathleen A. Cordes, Hilmi M. Ibrahim.
246 3# - VARYING FORM OF TITLE
Title proper/short title Recreation & leisure
250 ## - EDITION STATEMENT
Edition statement 2nd ed.
260 ## - PUBLICATION, DISTRIBUTION, ETC. (IMPRINT)
Place of publication, distribution, etc. Boston :
Name of publisher, distributor, etc. WCB/McGraw Hill,
Date of publication, distribution, etc. c1999.
300 ## - PHYSICAL DESCRIPTION
Extent xvi, 349 p. :
Other physical details Col, ill. ;
Dimensions 25 cm.
504 ## - BIBLIOGRAPHY, ETC. NOTE
Bibliography, etc Includes bibliographical references and index.
650 #0 - SUBJECT ADDED ENTRY--TOPICAL TERM
Topical term or geographic name as entry element Recreation
General subdivision Sociological aspects.
-- 0000150192
650 #0 - SUBJECT ADDED ENTRY--TOPICAL TERM
Topical term or geographic name as entry element Leisure
General subdivision Sociological aspects.
-- 0000150193
700 1# - ADDED ENTRY--PERSONAL NAME
Personal name Ibrahim, Hilmi.
-- 0000150194
908 ## - PUT COMMAND PARAMETER (RLIN)
Put command parameter 070312
950 ## - LOCAL HOLDINGS (RLIN)
-- 1
Holdings
Withdrawn status Lost status Source of classification or shelving scheme Not for loan Home library Current library Date acquired Total Checkouts Full call number Barcode Date last seen Price effective from Koha item type
    Library of Congress Classification   Kabarak, Main Campus Kabarak, Main Campus 17/12/2015   GV14.45 .C67 1999 000774 17/12/2015 17/12/2015 General Collection
    Library of Congress Classification   Kabarak, Main Campus Kabarak, Main Campus 17/12/2015   GV14.45 .C67 1999 000775 17/12/2015 17/12/2015 General Collection
    Library of Congress Classification   Kabarak, Main Campus Kabarak, Main Campus 17/12/2015   GV14.45 .C67 1999 000776 17/12/2015 17/12/2015 General Collection
Designed with assistance from East African Informatics Ltd